000 00629nam a2200205Ia 4500
003 GCL
008 140319s9999 xx 000 0 ara d
040 _aGCL /
_cGCL
082 0 4 _a823.03
_bج ف
100 1 _aجرانت، جون
245 1 0 _aفرعون المجنح /
_cجرانت، جون
700 1 _aابراهيم العفيفى
700 1 _aمحمرم كمال (مراجع)
300 _a357 ص
490 _aالالف كتاب
_v0
650 0 4 _aالقصص الانجليزية
650 0 4 _aالادب الانجليزى المترجم
650 0 4 _aالادب العالمى المترجم
942 _2ddc
_cBK
999 _c43763
_d43763